Statistics for Country nearest neighbour connect

Click here to take the quiz!

General Stats

  • This quiz has been taken 1,615 times
  • The average score is 129 of 196

Answers on the Map

Answers color-coded by a green-red scale on the quiz's map according to % correct below.
 

Answer Stats

xyCountry% Correct
776.7391.9New Zealand
100%
798.1328.7Tonga
89%
802.8307.7Samoa
87%
21.0272.0Kiribati
85%
785295.3Tuvalu
83%
760.6232.2Marshall Islands
82%
755264Nauru
82%
742.1295.0Solomon Islands
81%
717.7235.2Federated States of Micronesia
79%
782.9320.1Fiji
79%
680.5241.3Palau
79%
703.7282.4Papua New Guinea
79%
657220.6Philippines
79%
759318.6Vanuatu
79%
610.3247.2Malaysia
78%
638.6246.1Brunei
77%
614.2256.7Singapore
76%
583.0181.8Bangladesh
74%
616.0219.1Cambodia
74%
610.3194.9Laos
74%
597.0188.5Myanmar
74%
608.0207.9Thailand
74%
624.3219.9Vietnam
74%
528.0149.2Afghanistan
73%
584.1169.4Bhutan
73%
556185.9India
73%
501.3152.5Iran
73%
533.0100.0Kazakhstan
73%
487.0162.9Kuwait
73%
548.0122.0Kyrgyzstan
73%
569.8166.5Nepal
73%
535.7164.2Pakistan
73%
545.2133.5Tajikistan
73%
513.0130.6Turkmenistan
73%
525122.5Uzbekistan
73%
494.3174.0Bahrain
72%
476.4221.6Djibouti
72%
466.3209.2Eritrea
72%
470.0234.2Ethiopia
72%
509.33187.2Oman
72%
495.7176.2Qatar
72%
449.6239.5South Sudan
72%
448.5209.5Sudan
72%
453.1256.6Uganda
72%
502.0182.5United Arab Emirates
72%
488.3208.2Yemen
72%
420.0301.2Angola
71%
435.0336.1Botswana
71%
447.8272.6Burundi
71%
433.0267.2Democratic Republic of the Congo
71%
456.0307.0Malawi
71%
467309.5Mozambique
71%
418328Namibia
71%
398.0230.8Nigeria
71%
416.9260.5Republic of the Congo
71%
447.8267.7Rwanda
71%
459.1282.5Tanzania
71%
438310Zambia
71%
447.0325.0Zimbabwe
71%
385.7225.0Benin
70%
377.0219.0Burkina Faso
70%
407.0247.0Cameroon
70%
427.6239.0Central African Republic
70%
422.6209.4Chad
70%
404.0255.8Equatorial Guinea
70%
406.5264Gabon
70%
344216Gambia
70%
378.2234.5Ghana
70%
353.3224.2Guinea
70%
347.7220.3Guinea-Bissau
70%
368.0235.9Ivory Coast
70%
465.8259.9Kenya
70%
359.2239.6Liberia
70%
486.0324.3Madagascar
70%
377202.2Mali
70%
354195.5Mauritania
70%
403.3203.9Niger
70%
395.5260.6Sao Tome and Principe
70%
347212Senegal
70%
506.5276Seychelles
70%
354.0232.9Sierra Leone
70%
488230Somalia
70%
431365South Africa
70%
383.0232.4Togo
70%
479.4301.4Comoros
69%
451.3350.1Eswatini
69%
444.0360.5Lesotho
69%
510.1329.1Mauritius
69%
480.5125.0Armenia
67%
487.6125.0Azerbaijan
67%
455.3143.7Cyprus
67%
447.0171.3Egypt
67%
479120Georgia
67%
478.8149.9Iraq
67%
459.0157.0Israel
67%
462.3158.9Jordan
67%
461.7146.8Lebanon
67%
467.0143.0Syria
67%
460.3130.6Turkey
67%
430129Greece
66%
427.5118.5Kosovo
66%
429.5121.7North Macedonia
66%
482.1179.9Saudi Arabia
66%
425.5124.0Albania
65%
414.2100.9Austria
65%
421.0113.0Bosnia and Herzegovina
65%
418.0108.0Croatia
65%
423.7117.8Montenegro
65%
427.6113.0Serbia
65%
413.0106.5Slovenia
65%
443.481.2Belarus
64%
414.093.8Czech Republic
64%
439.064.8Estonia
64%
43752Finland
64%
424.4103.1Hungary
64%
438.070.6Latvia
64%
434.376.3Lithuania
64%
444.4102.0Moldova
64%
436.7107.1Romania
64%
423.098.0Slovakia
64%
450.696.0Ukraine
64%
391.091.0Belgium
63%
401.573.5Denmark
63%
404.089.9Germany
63%
402.0103.1Liechtenstein
63%
394.394.2Luxembourg
63%
39386.9Netherlands
63%
401.757Norway
63%
414.360.5Sweden
63%
397.2114.5Monaco
62%
398.4103.5Switzerland
62%
416.4124.2Italy
61%
408.5113.9San Marino
61%
408.5120.7Vatican City
61%
384.2167.2Algeria
60%
386105France
60%
366.0153.5Morocco
60%
361.7127.6Portugal
60%
372127.5Spain
60%
401148Tunisia
60%
384.0118.7Andorra
59%
437.8117.9Bulgaria
59%
14366Canada
59%
177.4210.0Guatemala
59%
34143Iceland
59%
363.082.5Ireland
59%
419.3172.9Libya
59%
412.9141.1Malta
59%
151.0182.0Mexico
59%
423.687.1Poland
59%
37786United Kingdom
59%
153129United States
59%
234.0373.0Argentina
58%
180.9203.6Belize
58%
236.0319.0Bolivia
58%
266294Brazil
58%
218384Chile
58%
216.3247.5Colombia
58%
192.0228.0Costa Rica
58%
204.0265.5Ecuador
58%
180.4215.0El Salvador
58%
184.5210.7Honduras
58%
188.2218.1Nicaragua
58%
198232.5Panama
58%
248.9339.7Paraguay
58%
208292Peru
58%
254.9370.2Uruguay
58%
248242Guyana
57%
254.4248.1Suriname
57%
242.5226.6Trinidad and Tobago
57%
241.6220.6Grenada
56%
243.2214.6Saint Lucia
56%
242.7216.8Saint Vincent and the Grenadines
56%
242.4209.5Dominica
55%
241.4204.0Antigua and Barbuda
54%
239.4203.4Saint Kitts and Nevis
54%
246.5217.0Barbados
53%
232235Venezuela
53%
209.0180.9Bahamas
52%
326.7206.9Cape Verde
52%
206.0190.2Cuba
52%
221197Dominican Republic
52%
218196Haiti
52%
206200.2Jamaica
52%
614.2104.1Mongolia
52%
57752Russia
52%
615.0140.9China
51%
693.3140.0Japan
51%
665.7127North Korea
51%
669139South Korea
51%
652.9182.1Taiwan
51%
683.0342.0Australia
50%
664.3290.8East Timor
50%
635.5264Indonesia
50%
545.9248.9Maldives
50%
562235.3Sri Lanka
50%

Score Distribution

Percentile by Number Answered

Percent of People with Each Score

Your Score History

You have not taken this quiz